00336nam a2200121Ia 450000500170000000800410001708200130005810000160007124500240008726000780011130000130018950000120020220250325024924.0240331s9999 xx 000 0 und d bLEBa894 aLebbe,M.C.S 0aAsan bey sarittiram aColombobMinistry of State For Muslim Religious & Cultural Affairsc1885 a171 p ., aA Novel